000 01162nam a2200241 a 4500
008 120416s1976 ||||||||||||||||| || u
020 _a007028721X
050 _aHD 31 Hic
100 _aHicks, Herbert G
245 1 4 _aThe management of organizations. (3rd ed.)
250 _a3rd ed.
260 _aNew York:
_bMcGraw-Hill
_c1976
300 _axxi, 602 p. : ill.
350 _a0.00
490 _aMcGraw-Hill series in management
650 0 _aMANAGEMENT
650 _aORGANIZATION
700 _aGullett, C. Ray
995 _aBINDERY (DAMAGED)
_D0.00
_e705486
_FCBU-MAIN LIBRARY (Kitwe)
_H1
_I0.00
_jHD 31 Hic
_M2
_UDAMAGED
_WJun 11, 2009
_y705486
_ZMain Library Open Access Collection
995 _aBINDERY (DAMAGED)
_D0.00
_e705487
_FCBU-MAIN LIBRARY (Kitwe)
_H1
_I0.00
_jHD 31 Hic
_M3
_UDAMAGED
_WJun 11, 2009
_y705487
_ZMain Library Open Access Collection
995 _aBINDERY (DAMAGED)
_D0.00
_e703628
_FCBU-MAIN LIBRARY (Kitwe)
_H1
_I0.00
_jHD 31 Hic
_M4
_UDAMAGED
_WJun 15, 2009
_y703628
_ZMain Library Open Access Collection
995 _aBINDERY (DAMAGED)
_D0.00
_e729270
_FCBU-MAIN LIBRARY (Kitwe)
_H1
_I26.25
_jHD 31 Hic
_M1
_UDAMAGED
_y021254
_ZMain Library Open Access Collection
999 _c82463
_d82463